000 00854cam a22002534a 4500
001 4995716
005 20180122080557.0
008 990503s2000 maua b 001 0 eng
010 _a 99031132
020 _a087584877X (alk. paper)
040 _aDLC
_cDLC
041 _aeng
042 _apcc
080 _a658.4012 EVA
082 0 0 _a658.4012 EVA
_221
100 1 _a52
101 _aECO
245 1 0 _aBlown to bits :
_cPhilip Evans, Thomas S. Wurster.
504 _aIncludes bibliographical references (p. 231-248) and index.
906 _a7
_bcbc
_corignew
_d1
_eocip
_f19
_gy-gencatlg
942 _2ddc
_cBK
999 _c40674
_d40674